000 00274nam a2200109 a 4500
005 20141022141959.0
008 120229s19uu xx 00 eng d
050 _aCD
_bG59 2009
245 _aTeaching and learning with digital photography.
260 _c2009.
942 _cAVM
999 _c276167
_d276167